Handbook of coatings additives
Kaydedildi:
| Materyal Türü: | Kitap |
|---|---|
| Dil: | Undetermined |
| Baskı/Yayın Bilgisi: |
New York, NY.
Marcel Dekker
2004
|
| Konular: | |
| Etiketler: |
Etiketle
Etiket eklenmemiş, İlk siz ekleyin!
|
| Thư viện lưu trữ: | Trung tâm Học liệu Trường Đại học Cần Thơ |
|---|
| LEADER | 00551nam a2200205Ia 4500 | ||
|---|---|---|---|
| 001 | CTU_117752 | ||
| 008 | 210402s9999 xx 000 0 und d | ||
| 020 | |c 193.75 | ||
| 082 | |a 667.9 | ||
| 082 | |b H236 | ||
| 245 | 0 | |a Handbook of coatings additives | |
| 245 | 0 | |c Edited by John J. Florio, Daniel J. Miller | |
| 260 | |a New York, NY. | ||
| 260 | |b Marcel Dekker | ||
| 260 | |c 2004 | ||
| 650 | |a Coatings | ||
| 650 | |x Additives | ||
| 650 | |y Handbooks, manuals, etc. | ||
| 904 | |i Minh | ||
| 980 | |a Trung tâm Học liệu Trường Đại học Cần Thơ | ||